5HLuxD.jpg

KING HENRY VIII SENIOR AND PRIMARY SCHOOL LIBRARY OPAC

WHEN I'M FEELING HAPPY (Record no. 4838)

000 -LEADER
fixed length control field 00304nam a22001217a 4500
008 - FIXED-LENGTH DATA ELEMENTS--GENERAL INFORMATION
fixed length control field 250325b ||||| |||| 00| 0 eng d
020 ## - INTERNATIONAL STANDARD BOOK NUMBER
International Standard Book Number 9781743469590
082 ## - DEWEY DECIMAL CLASSIFICATION NUMBER
Classification number 152.42 MOR
100 ## - MAIN ENTRY--PERSONAL NAME
Personal name MORONEY,TRACE
Relator term AUTHOR
245 ## - TITLE STATEMENT
Title WHEN I'M FEELING HAPPY
260 ## - PUBLICATION, DISTRIBUTION, ETC.
Name of publisher, distributor, etc. THE FIVE MILE PRESS PTY LTD
942 ## - ADDED ENTRY ELEMENTS (KOHA)
Source of classification or shelving scheme
Holdings
Withdrawn status Lost status Source of classification or shelving scheme Damaged status Not for loan Collection code Permanent Location Current Location Shelving location Date acquired Full call number Barcode Date last seen Price effective from Koha item type Public note
          Fiction KH8 Primary School Library KH8 Primary School Library Fiction 2025-03-25 E FIC MOR KHPL000006678 2025-12-05 2025-03-25 Books - Fiction KH8 PRIMARY LIBRARY

Powered By KH8 IT Dept